000 00842nam a2200313Ia 4500
001 10365
005 20240113235218.0
007 ta
008 050803s1959 g b000 u eng u
020 _cRs. 06.00 (Hard)
040 _aCotton College,Assam
041 _aeng
082 _a330.954
_bC 392 In
100 _aChatterjee, R.N. .
245 0 _aIndian Economics /
_cR.N. Chatterjee & K.C. Roy Chowdhury.
_hTextual Documents
250 _a7th ed. /
260 _aCalcutta :
_bH. Chatterjee & Co. ,
_c1959.
300 _ax, 644p. ;
_c22cm.
365 _aRs. 06.00
653 _aEconomics-India
653 _aIndia-Economics
653 _aMS-Economics
653 _aT/G-Economics
700 _aChowdhury, K.C. Roy .
942 _2ddc
_cBK
999 _c10352
_d10352